Open all hours (Record no. 121081)
[ view plain ]
| 000 -LEADER | |
|---|---|
| fixed length control field | 00953nas a22002177a 4500 |
| 001 - CONTROL NUMBER | |
| control field | K121081 |
| 007 - PHYSICAL DESCRIPTION FIXED FIELD--GENERAL INFORMATION | |
| fixed length control field | ta |
| 008 - FIXED-LENGTH DATA ELEMENTS--GENERAL INFORMATION | |
| fixed length control field | 190809b2019 ||||| |||| 00| 0 eng d |
| 041 ## - LANGUAGE CODE | |
| Language code of text/sound track or separate title | eng |
| 100 ## - MAIN ENTRY--PERSONAL NAME | |
| Personal author | Cranke, Sarah |
| 245 ## - TITLE STATEMENT | |
| Title | Open all hours |
| 490 ## - SERIES TITLE | |
| Series statement | RICS Property Journal |
| Volume | July/August 2019, 10-11(2) |
| 520 ## - ABSTRACT | |
| Abstract | As globalisation and flexible working extends workplace operating hours, examines the impact for facilities managers in terms of costs and operational functions. Highlights issues such as fitting in maintenance to avoid disruption to business and users, using smart technology and a general change in culture and attitudes. |
| 650 ## - KEYWORDS | |
| Keywords | GLOBALISATION |
| 650 ## - KEYWORDS | |
| Keywords | FLEXIBLE WORKING |
| 650 ## - KEYWORDS | |
| Keywords | SMART TECHNOLOGY |
| 651 ## - SUBJECT ADDED ENTRY--GEOGRAPHIC NAME | |
| Geographic name | United Kingdom 1973 |
| 690 ## - LOCAL SUBJECT ADDED ENTRY--TOPICAL TERM (OCLC, RLIN) | |
| 9 (RLIN) | 6240 |
| Topical term or geographic name as entry element | Facilities management |
| 700 ## - ADDED PERSONAL NAME | |
| Added personal author | Green, David |
| 856 ## - ONLINE RESOURCE | |
| Uniform Resource Identifier | https://issuu.com/ricsmodus/docs/property_journal_july-aug_2019/34 |
| Link text | Available free online via Issuu |
| Withdrawn status | Lost status | Damaged status | Not for loan | Home library | Current library | Shelving location | Date acquired | Total Checkouts | Date last seen | Price effective from | Koha item type |
|---|---|---|---|---|---|---|---|---|---|---|---|
| Virtual | Virtual | Online | 09/08/2019 | 09/08/2019 | 09/08/2019 | Journal article |